000 00366pab a2200145 454500
008 180718b1989 xxu||||| |||| 00| 0 eng d
100 _aRodriguez, Malt L.
245 _aThe acquisition of high technology system by law enforcement
260 _c1989
300 _a13-18
362 _aJun.
650 _aLaw Enforcement
773 _aCBI Bulletin
909 _a12347
999 _c12347
_d12347